The Administration Charges (Summary of Rights and Obligations) (England) Regulations 2007 (Record no. 107318)

MARC details
000 -LEADER
fixed length control field 01252cam a22002295a 4500
001 - CONTROL NUMBER
control field L139630
008 - FIXED-LENGTH DATA ELEMENTS--GENERAL INFORMATION
fixed length control field 070801s2007 xxk f g f000 0 eng d
020 ## - INTERNATIONAL STANDARD BOOK NUMBER
International Standard Book Number 9780110768281
035 ## - SYSTEM CONTROL NUMBER
System control number (Sirsi) u139630
041 0# - LANGUAGE CODE
Language code of text/sound track or separate title eng
050 04 - LIBRARY OF CONGRESS CALL NUMBER
Classification number 346.4104343 $2 18
110 1# - MAIN ENTRY--CORPORATE NAME
Corporate name or jurisdiction name as entry element United Kingdom
Form subheading Laws, etc
9 (RLIN) 5044
245 04 - TITLE STATEMENT
Title The Administration Charges (Summary of Rights and Obligations) (England) Regulations 2007
Medium [electronic resource]
490 #0 - SERIES STATEMENT
Series statement Statutory Instrument
Volume/sequential designation 2007: 1258
520 ## - SUMMARY, ETC.
Summary, etc. Comes into force 1 October 2007. Introduces regulations stating that landlords who make administrative charges on their tenants have to supply leaseholders with information on their rights regarding these charges. Such information must accompany every demand for payment. Should the landlord fail to do this, leaseholders will have the statutory right to withhold payment.
590 ## - LOCAL NOTE (RLIN)
Local note KA
650 24 - SUBJECT ADDED ENTRY--TOPICAL TERM
Topical term or geographic name entry element ADMINISTRATION CHARGES (SUMMARY OF RIGHTS AND OBLIGATIONS) (ENGLAND) REGULATIONS 2007
651 #4 - SUBJECT ADDED ENTRY--GEOGRAPHIC NAME
Geographic name England
Chronological subdivision 886-
690 ## - LOCAL SUBJECT ADDED ENTRY--TOPICAL TERM (OCLC, RLIN)
Topical term or geographic name as entry element PROPERTY-RESIDENTIAL PROPERTY-RESIDENTIAL LANDLORD AND TENANT-RESIDENTIAL TENANCIES
856 40 - ELECTRONIC LOCATION AND ACCESS
Uniform Resource Identifier <a href="https://www.opsi.gov.uk/SI/si2007/20071258.htm">https://www.opsi.gov.uk/SI/si2007/20071258.htm</a>
Public note View the Regulations free of charge at www.opsi.gov.uk...
942 ## - ADDED ENTRY ELEMENTS (KOHA)
Suppress in OPAC 0
Holdings
Withdrawn status Lost status Source of classification or shelving scheme Damaged status Not for loan Home library Current library Shelving location Date acquired Total Checkouts Full call number Barcode Date last seen Copy number Price effective from Koha item type
    Dewey Decimal Classification     Virtual Virtual Online 01/08/2007   ONLINE PUBLICATION 139630-1001 06/08/2019 1 06/08/2019 Book